The works of John Wesley; vol. 12. (Record no. 1966)

000 -LEADER
fixed length control field 00556nam a2200181 a 4500
001 - CONTROL NUMBER
control field :::00018232$&:&@@
003 - CONTROL NUMBER IDENTIFIER
control field OkBaRHE
005 - DATE AND TIME OF LATEST TRANSACTION
control field 20100327135052.0
008 - FIXED-LENGTH DATA ELEMENTS--GENERAL INFORMATION
fixed length control field s1986 j 000 0 eng u
040 ## - CATALOGING SOURCE
Transcribing agency
100 1# - MAIN ENTRY--PERSONAL NAME
Personal name Wesley, John.
245 14 - TITLE STATEMENT
Title The works of John Wesley; vol. 12.
260 ## - PUBLICATION, DISTRIBUTION, ETC. (IMPRINT)
Place of publication, distribution, etc Peabody, MA., :
Name of publisher, distributor, etc Hendrickson Publishers, INC.
Date of publication, distribution, etc 1986
300 ## - PHYSICAL DESCRIPTION
Extent v. (1-14) ;
Dimensions 24 cm.
650 ## - SUBJECT ADDED ENTRY--TOPICAL TERM
Topical term or geographic name as entry element Methodism
942 ## - ADDED ENTRY ELEMENTS (KOHA)
Source of classification or shelving scheme
Koha item type Books
Copies
Koha item type Barcode Copy number Not for loan Withdrawn status Permanent Location Source of classification or shelving scheme Full call number Damaged status Lost status Date acquired Shelving location Price effective from Date last seen Collection code
Books182321  RHEMA Bible Training College BX 8217 .W5 V.12  2010-04-14General Stacks2010-04-142010-04-14Reference